000 00556nam a2200169 i 4500
001 53117
003 ES-MaACL
005 20230906162717.0
007 t|
008 950907s1878 fr |||| | fre d
100 1 _aDu Camp, Maxime.
_945700
245 1 4 _aLes convulsions de Paris.
_n1,
_pLes prisons pendant la Commune /
_cMaxime du Camp.
260 _aParis :
_bLibrairie Hachette et Cie.,
_c1878 (
_fTyp. Lahure)
300 _aIV, 549 p. ;
_c22 cm.
651 4 _aFrancia-
_xHistoria-
_y1871-1873.
_9167507
852 _aES-MaACL
_jD-232
_z. - Donativo Lastres
999 _c53117
_d53117